LEADER 02035nam a2200361 u 4500 001 000000002956 003 CaOOAMICUS 005 20070226104504.0 008 941215s1967 enk u000 u eng u 035 $a10075169 040 $aPUL(R)$bita 100 1 $aLeff, Gordon.$0(OLS)http://pul/name/3131 245 10$aHeresy in the later Middle Ages :$bthe relation of heterodoxy to dissent, c. 1250-c. 1450 /$cby Gordon Leff. 260 $aManchester :$bUniversity press ;$aNew York :$bBarnes & Noble,$c1967. 300 $a2 v. ;$c25 cm 504 $aBibliography: p. 741-777. 650 0$aChristian sects, Medieval.$2//eng$0(OLS)http://pul/subject/2618 650 0$aTheology, Doctrinal$xHistory$yMiddle Ages, 600-1500.$2//eng$0(OLS)http://pul/subject/2619 650 0$aHeresies, Christian$xHistory$yMiddle Ages, 600-1500.$2//eng$0(OLS)http://pul/subject/2620 650 0$aHeresies and heretics.$2//eng$0(OLS)http://pul/subject/2621 650 0$aChurch history$yMiddle Ages, 600-1500.$2//eng$0(OLS)http://pul/subject/365 850 $aPUL 852 $aPUL$W1$xDP1 Fondo Maccarrone$y58$m1510 D 1-2$j3932$nBK-PRI$b $qFondi$B3932$CPULBib$Z2$F3932 $H $81 852 $aPUL$W1$xDP1 Fondo Maccarrone$y58$m1510 D 1-2$j3932$nBK-PRI$b $qFondi$B3933$CPULBib$Z2$F3933 $H $81 852 $aPUL$W1$xSL Religione 1$y3$m74 E 4-5$j3934$nBK-PRI$b $qStampati$B3934$CPULBib$Z2$F3934 $H $81 852 $aPUL$W1$xSL Religione 1$y3$m74 E 4-5$j3934$nBK-PRI$b $qStampati$B3935$CPULBib$Z2$F3935 $H $81 941 1 $a8 941 1 $a1 961 $aINV: 31652-31653 961 $aINV: 31652-31653 996 $6245$aHeresy in the later Middle Ages :$bthe relation of heterodoxy to dissent, c. 1250-c. 1450$9(OLS)http://pul/title/4307 996 $6260$aManchester :$bUniversity press$9(OLS)http://pul/publisher/49619 996 $6260$aNew York :$bBarnes & Noble$9(OLS)http://pul/publisher/49620 LEADER 01214nam a2200289 u 4500 001 000000039230 003 CaOOAMICUS 005 20070226113951.0 008 980506s1991 it u000 u ita u 020 $a8809006682 035 $a10793825 040 $aPUL(R)$bita 100 1 $aLana, Italo.$0(OLS)http://pul/name/10516 245 12$aL'idea della pace nell'antichità /$cItalo Lana. 260 $aS. Domenico di Fiesole :$bEdizioni Cultura della Pace,$cc1991. 300 $a214 p. ;$c20 cm 490 1 $aEnciclopedia della pace.$aTesti/Documenti ;$v10 504 $aBibliografia in nota. 650 4$aPace$xEvo antico.$0(OLS)http://pul/subject/14385 830 0$aEnciclopedia della pace.$pTesti/Documenti ;$v10.$0(OLS)http://pul/title/53120 850 $aPUL 852 $aPUL$W1$xSL Diritto e Scienze Sociali 1$y4$m183 F 71$j53364$nBK-PRI$b $qStampati$B53364$CPULBib$Z2$F53364 $H $81 941 1 $a8 961 $aINV: 72964 996 $6020$a8809006682$9(OLS)http://pul/number/48827 996 $6245$aL'idea della pace nell'antichità$9(OLS)http://pul/title/53119 996 $6260$aS. Domenico di Fiesole :$bEdizioni Cultura della Pace$9(OLS)http://pul/publisher/63963